Ewan Cricket since 2011 - Statistics

General Stats
  • This quiz has been taken 2 times
  • The average score is 8 of 15
Answer Stats
Answer % Correct
Daniel Spina
100%
Jack Moody
100%
Michael Tonner
100%
Peter Tonner
100%
Bear Humphries
50%
Daniel Bushett
50%
Daniel Niven
50%
Jordan Bonner
50%
Kyle Gartrell
50%
Mitchell Tonner
50%
Pierson Tonner
50%
Royce Tonner
50%
Anthony Tonner
0%
Leslie Groves
0%
Ross McGregor
0%
No matching quizzes found
Score Distribution
Percent of People with Each Score
Percentile by Number Answered
Your Score History
You have not taken this quiz